000 00798nam a2200253 a 4500
001 51898
003 BD-RjUL
005 20211209075728.0
008 160904s1952 enk bs 001 0 eng
035 _a(BD-RjUL)52018
040 _aDLC
_cDLC
_dBD-RjUL
_beng
041 _aeng
082 _223
_a332.4566
_bTEI 1952
100 1 _aTew, Brian.
_9155224
245 1 0 _aInternational monetary co-operation, 1945-52 /
_cBrian Tew
260 _aNew York :
_bHutchinson's University Library,
_c1952
300 _axi, 180 p. ;
_c18 cm.
490 0 _aHutchinson's university library. Economics
504 _aIncludes index and Bibliography: p. 175-176.
650 0 _aForeign exchange.
_9155225
650 0 _aBalance of payments.
_9133927
650 0 _aInternational liquidity.
_9134105
942 _2ddc
_cBK
999 _c51898
_d51898